LIBRARY & INFORMATION CENTRE, KCAET, TAVANUR

ONLINE PUBLIC ACCESS CATALOGUE (OPAC)

Vanamala / (Record no. 1021)

MARC details
000 -LEADER
fixed length control field 00341cam a2200145ua 4500
041 ## - LANGUAGE CODE
Language code of text/sound track or separate title mal
082 ## - DEWEY DECIMAL CLASSIFICATION NUMBER
Classification number 894.8121
Item number KUM/VA
100 ## - MAIN ENTRY--AUTHOR NAME
Personal name Kumaranasan, N .
245 ## - TITLE STATEMENT
Title Vanamala /
260 ## - PUBLICATION, DISTRIBUTION, ETC. (IMPRINT)
Place of publication :
Name of publisher Sarada book Depot ,
Year of publication 1957.
300 ## - PHYSICAL DESCRIPTION
Number of Pages 140 ; .
942 ## - ADDED ENTRY ELEMENTS (KOHA)
Koha item type Books
Holdings
Withdrawn status Lost status Damaged status Home library Current library Date acquired Full call number Accession Number Koha item type
Withdrawn     KAUAET Malayalam University 07/04/2012 894.8121 160 Books
free website counter